000 00508nam a2200193 a 4500
001 1772625972066
003 YourLibrary
005 20260304173725.0
008 260304s2009##################000#0#eng##
020 _a9780742557956
082 0 4 _a327.47
_bMAN
100 1 _aMankoff, Jeffrey,
_eauthor.
245 1 0 _aRussian Foreign Policy :
260 _bRowman & Littlefield Publishers,
_c2009.
300 _a380 pages
650 0 _aHistory.
942 _cENGLISH
040 _aYourLibrary
_beng
_cYourLibrary
999 _c616925
_d616925